000 01160cam a2200337Ma 4500
001 74498
005 20230410123552.0
008 021129s2001 fr b 001 0 fre d
035 _a(OCoLC)ocm51901669
040 _aLVB
_bfre
_cLVB
_dLGG
_dBDF
020 _a2731402660
020 _a9782731402667
035 _a(OCoLC)51901669
050 1 4 _aKJV 1668
_bC415c 2001
082 0 0 _a346.440 22
_222
100 1 _aCermolacce, Arnaud.
245 1 0 _aCause et exécution du contrat /
_cArnaud Cermolacce ; préface [de] Jacques Mestre.
260 _a[Aix-en-Provence] :
_bPresses universitaires d'Aix-Marseille, Faculté de droit et de science politique,
_c2001.
300 _a425 p. ;
_c25 cm.
500 _aEn téte du titre: Université de droit, d'économie et des sciences d'Aix-Marseille : Institut de droit des affaires.
504 _aBibliogr.: p. [383]-405.
650 6 _aCause (Droit civil)
_zFrance.
650 6 _aExécution (Droit)
_zFrance.
650 6 _aContrats
_zFrance.
650 0 _aContracts
_zFrance.
650 0 _aCivil law
_zFrance.
650 4 _aContratos.
650 4 _aDerecho civil.
942 _2lcc
_cbk
994 _aC0
_bDRFGD
999 _c64069
_d64069